Sports Quiz

Random Sports or Basketball Quiz

March Madness Obvious Winners Quiz Stats

 Plays Quiz not verified by Sporcle

Challenge
Share
Tweet
Embed
Score 0/22 Timer 04:00
0 Plays Today
Year School % Correct
1992Duke
98.2%
2001Duke
98.2%
1957UNC
95.9%
1982UNC
95.9%
2009UNC
95.9%
1964UCLA
94.9%
1967UCLA
94.9%
1969UCLA
94.9%
1971UCLA
94.9%
1972UCLA
94.9%
1973UCLA
94.9%
Year School % Correct
1975UCLA
94.9%
1995UCLA
94.9%
1949University of Kentucky
86.7%
1951University of Kentucky
86.7%
1978University of Kentucky
86.7%
1953Indiana University
74.2%
1976Indiana University
74.2%
1994Arkansas
65.7%
1956University of San Francisco
55.8%
1955University of San Francisco
55.8%
1974NC State
53.5%

You're not logged in!

Compare scores with friends on all Sporcle quizzes.
Join for Free
OR
Log In

You Might Also Like...

Show Comments

Extras

Top Quizzes Today


Score Distribution

Your Account Isn't Verified!

In order to create a playlist on Sporcle, you need to verify the email address you used during registration. Go to your Sporcle Settings to finish the process.

Report this User

Report this user for behavior that violates our Community Guidelines.

Details: